| 000 | 01406nam a2200409 c 4500 | ||
|---|---|---|---|
| 001 | 52560 | ||
| 003 | ES-MaCES | ||
| 005 | 20250203134104.0 | ||
| 007 | cr ||||||||||| | ||
| 008 | 221128s2022 sp l 000 ||spa d | ||
| 017 |
_aNA 2169-2022 _bDL |
||
| 020 | _a9788411251358 | ||
| 020 | _a9788411251372 (electrónico) | ||
| 040 |
_aES-MaCES _bspa _cES-MaCES |
||
| 110 | 1 |
_aEspaña _tLeyes, etc., concursales _93066 |
|
| 245 | 1 | 0 |
_aLegislación concursal _cdir., Ángel Rojo ; coord., Ana Belén Campuzano |
| 250 | _a19ª ed | ||
| 260 |
_aCizur Menor (Navarra) _bAranzadi-Thomson Reuters _c2022 |
||
| 300 |
_a566 p. _c24 cm |
||
| 490 | 1 |
_aColección Códigos básicos Aranzadi _v17 |
|
| 500 | _aÍndices | ||
| 500 | _aDisponible en formato electrónico mediante la aplicación PROVIEW | ||
| 541 | _cCompra | ||
| 650 | 4 |
_aderecho concursal _931756 |
|
| 650 | 4 |
_aderecho mercantil _927157 |
|
| 650 | 4 |
_aEspaña _926964 |
|
| 650 | 4 |
_alegislación económica _927161 |
|
| 650 | 4 |
_atexto _929624 |
|
| 653 | 1 | 0 | _aLegislación |
| 700 | 1 |
_aRojo Fernández-Río, Ángel _edir. _922519 |
|
| 700 | 1 |
_aCampuzano Laguillo, Ana Belén _ecoord. _98857 |
|
| 775 | 0 |
_tLegislación concursal _w(ES-MaCES)50789 |
|
| 830 | 0 |
_aColección Códigos básicos Aranzadi _v17 _932116 |
|
| 856 | 4 |
_uhttps://miespacio.aranzadilaley.es/Account/Login _yLegalteca |
|
| 902 | _aLIB Libro | ||
| 942 |
_2CES _cBK _h6.1. |
||
| 999 |
_c52560 _d52560 |
||